00463nam a22001457a 4500020001800000040000900018082001500027100003400042245003600076260003800112650003200150942001200182999001900194952010400213 a9788120336384 cNUST a515.35 BIS aBiswal, Purna Chandra9103705 aOrdinary Differential Equations aNew Delhi:bPHI LEARNING, c2008. aDifferential Equations9688 2ddccBK c594771d594771 00102ddc4070aCEMEbCEMEcGENd2023-05-16l0o515.35 BISpCEME-45438r2023-05-16w2023-05-16yBK